00421cam a2200169ua 45000010005000000080039000050200018000440400009000620410008000710820013000791000034000922450044001262500012001702600035001823000010002176530024002279886190409n ii |||gr||||Z||||||asm a9789381064566 cMAIN aasm a891.4514 aJayanta Kumar Bora,eAuthor., aSahitya abhirupacBy Jayanta Kumar Bora a1st ed. aGuwahati:bBani mandir,c2013. a150p. aAssamese literature